Cosmología, religión y política en el Renacimiento: Ficino, Savonarola, Pomponazzi, Maquiavelo
Saved in:
| Hovedforfatter: | |
|---|---|
| Format: | Bog |
| Sprog: | spansk |
| Udgivet: |
Barcelona
Anthropos
1988
|
| Serier: | Pensamiento Crítico. Pensamiento Utópico, 35
|
| Fag: | |
| Tags: |
Tilføj Tag
Ingen Tags, Vær først til at tagge denne postø!
|
MARC
| LEADER | 00000nam a2200000 a 4500 | ||
|---|---|---|---|
| 001 | UCX2966 | ||
| 003 | CL-VaPUC | ||
| 008 | 910910e19880000SP |||||||||||||||||spa|d | ||
| 082 | 0 | 4 | |a 945.05 |b GRA |2 21 |
| 100 | |a Granada Martínez, Miguel Ángel |e author |9 541620 | ||
| 245 | 1 | 0 | |a Cosmología, religión y política en el Renacimiento: Ficino, Savonarola, Pomponazzi, Maquiavelo |
| 300 | |a 271 p | ||
| 942 | |c BK | ||
| 945 | |d 19910910 00:00:00 | ||
| 260 | |a Barcelona |b Anthropos |c 1988 | ||
| 650 | 0 | |a Profecías |9 266038 | |
| 650 | 0 | |a Renacimiento |9 255107 | |
| 650 | 0 | |a Vida intelectual |y Siglo 15-16 |9 319046 | |
| 583 | |a last modification |c 19910910 00:00:00 |k Rodrigo Vera | ||
| 490 | 0 | |a Pensamiento Crítico. Pensamiento Utópico, 35 | |
| 999 | |c 223860 |d 223858 | ||
| 952 | |0 0 |1 0 |4 0 |6 945_050000000000000_GRA_1988 |7 0 |8 A |9 220084 |a BIBHIS |b BIBHIS |d 2019-11-15 |i 2887533 |o 945.05 GRA 1988 |p 2887533 |r 2025-01-20 |w 2019-11-15 |y BK |k HIS | ||